| 000 | 00561nam a22001932 4500 | ||
|---|---|---|---|
| 001 | 0000007404 | ||
| 005 | 20151217145837.0 | ||
| 008 | 080123s xx 000 0 eng d | ||
| 020 |
_a8173916950 : _cKES 3640 |
||
| 040 |
_aKABU _cKABU |
||
| 100 | 1 |
_aSharma, Shashi Prabha. _@0000158645 |
|
| 245 | 1 | 0 |
_aBasic principles of education / _c Shashi Prabha Sharma. |
| 260 |
_aNew Delhi : _bKanishka, _c2004. |
||
| 300 | _axviii, 390 p. | ||
| 650 | 0 |
_aEducation. _@0000151814 |
|
| 908 | _a080123 | ||
| 950 | _@1 | ||
| 999 |
_c3198 _d3198 |
||